00802nam a22002537a 4500003000500000005001700005008004100022010001000063011001000073035001000083040000900093082001900102100001600121245006300137250001300200260005700213300003100270490007300301650003100374650001200405650002400417710003400441830007300475CHAP20220329140234.0971013c19781958 r 00010 d a49054 a50026 a54176 cCHAP a628.1bP4 197800aPeterka, A. aHydraulic design of stilling basins and energy dissipators aRev. ed. aDenver, Co. :bBureau of Reclamation,c1978 (c.1958) a222 p.b: ilus. ; gráfs. aA water resources technical publication. Engineering monographv; 2514aIngeniería hidráulica.14aPresas.14aSalto hidráulico.0 aE.U.A. Bureau of Reclamation.0 aA water resources technical publication. Engineering monographv; 25